81 Największych miast Polski z mapą - Statystyki

Ogólne statystyki
  • Ten quiz został rozwiązany 185 razy
  • Średni wynik to 58 z 81
Odpowiedzi na mapie
Odpowiedzi zakodowano w zielono-czerwonej skali na mapie do tego quizu, zgodnie z poniższymi procentami.
 
Statystyki odpowiedzi
Ludność Odpowiedź % Poprawnych
1 862 000 Warszawa
100%
804 000 Kraków
99%
487 000 Gdańsk
98%
249 000 Gdynia
98%
318 000 Lublin
98%
353 000 Szczecin
98%
540 000 Poznań
97%
290 000 Białystok
96%
655 000 Łódź
96%
197 000 Rzeszów
96%
675 000 Wrocław
96%
279 000 Katowice
95%
194 000 Toruń
95%
139 000 Zielona Góra
95%
326 000 Bydgoszcz
94%
154 000 Olsztyn
94%
196 000 Radom
94%
180 000 Kielce
93%
126 000 Opole
91%
110 000 Gorzów Wielkopolski
88%
68 000 Suwałki
88%
201 000 Częstochowa
86%
113 000 Elbląg
83%
169 000 Gliwice
83%
108 000 Koszalin
83%
111 000 Płock
81%
100 000 Tarnów
80%
86 000 Słupsk
78%
153 000 Zabrze
77%
187 000 Sosnowiec
76%
58 000 Zamość
75%
165 000 Bielsko-Biała
74%
131 000 Bytom
74%
92 000 Legnica
74%
56 000 Przemyśl
74%
62 000 Ełk
73%
67 000 Gniezno
73%
90 000 Kalisz
73%
67 000 Lubin
73%
56 000 Chełm
72%
80 000 Nowy Sącz
72%
54 000 Biała Podlaska
71%
75 000 Jelenia Góra
71%
103 000 Chorzów
70%
124 000 Rybnik
70%
69 000 Stargard
69%
91 000 Wałbrzych
69%
57 000 Łomża
68%
70 000 Piła
68%
66 000 Piotrków Trybunalski
68%
65 000 Pruszków
68%
78 000 Siedlce
68%
68 000 Inowrocław
66%
66 000 Konin
65%
58 000 Leszno
65%
97 000 Włocławek
64%
88 000 Grudziądz
63%
121 000 Tychy
63%
56 000 Mielec
62%
52 000 Bełchatów
60%
107 000 Dąbrowa Górnicza
60%
59 000 Głogów
58%
53 000 Zgierz
58%
64 000 Pabianice
57%
122 000 Ruda Śląska
57%
52 000 Tczew
57%
52 000 Kędzierzyn Koźle
56%
69 000 Ostrów Wielkopolski
52%
79 000 Jastrzębie-Zdrój
51%
64 000 Ostrowiec Świętokrzyski
51%
56 000 Tomaszów Mazowiecki
51%
71 000 Mysłowice
49%
55 000 Stalowa Wola
49%
58 000 Żory
46%
53 000 Świdnica
45%
83 000 Jaworzno
44%
64 000 Siemianowice Śląskie
43%
62 000 Tarnowskie Góry
40%
54 000 Będzin
39%
55 000 Piekary Śląskie
39%
51 000 Racibórz
37%
Nie znaleziono quizów pasujących do podanych kryteriów
Rozkład punktacji
Procent ludzi z każdym wynikiem
Percentyl według liczby udzielonych odpowiedzi
Twoja historia wyników
Nie rozwiązałeś tego quizu